[Event "Rated Blitz game"]
[Site "?"]
[Date "2021.04.09"]
[Round "?"]
[White "Tanatov_2006"]
[Black "KamranShirazi"]
[Result "0-1"]
[WhiteElo "2448"]
[BlackElo "2498"]
[PlyCount "128"]
[EventDate "2021.??.??"]
[EventType "blitz"]

1. e4 e5 2. Nf3 d5 3. Nxe5 Bd6 4. d4 dxe4 5. Nc4 Be7 6. c3 f5 7. Bf4 Nf6 8.
Nbd2 Nd5 9. Be5 O-O 10. Qb3 Nc6 11. Ne3 Be6 12. Bc4 Na5 13. Bxd5 Nxb3 14. Bxe6+
Kh8 15. axb3 f4 16. Nd5 Bd6 17. Nc4 Bxe5 18. Nxe5 Qg5 19. O-O Rae8 20. Nf7+
Rxf7 21. Bxf7 Rf8 22. Be6 Re8 23. Bf7 f3 24. Ne3 fxg2 25. Rfe1 Rf8 26. Bd5 Rf4
27. Rxa7 h5 28. Ra8+ Kh7 29. Nxg2 Qxd5 30. Nxf4 Qxb3 31. Nxh5 Qxb2 32. Ng3 Qxc3
33. Rxe4 b5 34. Rh4+ Kg6 35. Rg4+ Kf7 36. Rf4+ Ke7 37. Raf8 b4 38. R8f7+ Ke6
39. Ne4 Qc1+ 40. Kg2 Kd5 41. Nc5 Kc4 42. Rxc7 Qxf4 43. Ne6+ Qxc7 44. Nxc7 b3
45. d5 b2 46. d6 b1=Q 47. d7 Qg6+ 48. Kf1 Qd3+ 49. Kg2 Qxd7 50. Na6 Qc6+ 51.
Kg3 Qxa6 52. Kg4 Qf6 53. f4 g6 54. f5 Qxf5+ 55. Kg3 Qh5 56. h3 g5 57. Kg2 Qh4
58. Kh2 g4 59. Kg2 Qxh3+ 60. Kf2 Qf3+ 61. Ke1 g3 62. Kd2 g2 63. Kc2 g1=Q 64.
Kb2 Qgg2+ {Normal} 0-1

[Event "Rated Blitz tournament BL4jA8rX"]
[Site "?"]
[Date "2021.04.09"]
[Round "?"]
[White "smitty77"]
[Black "Fantastic_power06"]
[Result "0-1"]
[WhiteElo "2384"]
[BlackElo "2579"]
[PlyCount "56"]
[EventDate "2021.??.??"]
[EventType "blitz"]

1. e4 e5 2. Nf3 d5 3. exd5 e4 4. Ne5 Qxd5 5. d4 exd3 6. Nxd3 Bd6 7. Nc3 Qf5 8.
Be2 Nf6 9. O-O Nc6 10. Be3 Be6 11. Bf3 O-O-O 12. Bxc6 bxc6 13. Qe2 Ng4 14. h3
h5 15. Bxa7 Bc4 16. Ne4 Bh2+ 17. Kh1 Rde8 18. f3 Qg6 19. Qd2 f5 20. Nec5 Bd6
21. Qa5 Bxd3 22. cxd3 Ne3 23. Qa6+ Kd8 24. Nb7+ Kd7 25. Rg1 Qg3 26. Nxd6 Ng4
27. fxg4 hxg4 28. Nxf5 Rxh3+ {Normal} 0-1

[Event "Rated Blitz tournament BL4jA8rX"]
[Site "?"]
[Date "2021.04.09"]
[Round "?"]
[White "JablkoHruska"]
[Black "Jenlen3001"]
[Result "0-1"]
[WhiteElo "2275"]
[BlackElo "2421"]
[PlyCount "74"]
[EventDate "2021.??.??"]
[EventType "blitz"]

1. e4 e5 2. Nf3 d5 3. exd5 e4 4. Qe2 Nf6 5. d3 Qxd5 6. Nbd2 Be7 7. Nxe4 O-O 8.
Nc3 Bb4 9. Bd2 Bxc3 10. Bxc3 Re8 11. Qxe8+ Nxe8 12. Be2 c5 13. O-O Nc6 14. Nd2
Qg5 15. Ne4 Qe7 16. Rfe1 Nf6 17. Nxf6+ gxf6 18. Bg4 Be6 19. Bf5 Nd4 20. Bxd4
cxd4 21. Be4 Rc8 22. Rac1 Qb4 23. b3 f5 24. Bf3 Qa3 25. h4 Qxa2 26. Ra1 Qxc2
27. Rxa7 Qxb3 28. Rxb7 Qxd3 29. Rb6 Qc3 30. Rd1 d3 31. Rd6 Bc4 32. Bd5 Qb3 33.
Bxc4 Qxd1+ 34. Kh2 Rxc4 35. Rd8+ Kg7 36. h5 Rh4+ 37. Kg3 Qg4# {Normal} 0-1

[Event "Rated Blitz game"]
[Site "?"]
[Date "2021.04.09"]
[Round "?"]
[White "I1618033988749894848"]
[Black "Killerrhino"]
[Result "1-0"]
[WhiteElo "2279"]
[BlackElo "2413"]
[PlyCount "77"]
[EventDate "2021.??.??"]
[EventType "blitz"]

1. e4 e5 2. Nf3 d5 3. Nxe5 Bd6 4. d4 dxe4 5. Nc4 Nf6 6. Be2 Nc6 7. Nxd6+ Qxd6
8. c3 Bf5 9. O-O O-O-O 10. b4 h5 11. a4 Ng4 12. g3 Be6 13. a5 a6 14. b5 axb5
15. a6 b6 16. a7 Kb7 17. Bxb5 Rb8 18. axb8=Q+ Nxb8 19. Bf4 Qd8 20. Qa4 g5 21.
Ba6+ Nxa6 22. Qxa6+ Kc6 23. Be3 h4 24. c4 Kd7 25. d5 Bf5 26. Qb5+ Ke7 27. d6+
Qxd6 28. Qxf5 Nxe3 29. Qxe4+ Kf8 30. Qxe3 Rh5 31. Nc3 f6 32. Ra8+ Kf7 33. Qe8+
Kg7 34. Qxh5 Qxg3+ 35. fxg3 hxg3 36. Qh8+ Kg6 37. Qxf6+ Kh5 38. Rh8+ Kg4 39.
Qf3# {Normal} 1-0

[Event "Rated Blitz tournament jXNSX3in"]
[Site "?"]
[Date "2021.04.09"]
[Round "?"]
[White "neurobyte"]
[Black "cuerosky"]
[Result "0-1"]
[WhiteElo "2410"]
[BlackElo "2278"]
[PlyCount "72"]
[EventDate "2021.??.??"]
[EventType "blitz"]

1. e4 e5 2. Nf3 d5 3. exd5 e4 4. Nd4 Qxd5 5. Nb3 Nf6 6. Nc3 Qe5 7. Bc4 Bd6 8.
d4 exd3+ 9. Kf1 dxc2 10. Qxc2 Nc6 11. Bd2 Bf5 12. Bd3 Nb4 13. Bxf5 Nxc2 14.
Bxc2 O-O-O 15. Re1 Qh5 16. h3 Rhe8 17. g4 Nxg4 18. Kg2 Nf6 19. Nd4 Rxe1 20.
Rxe1 a6 21. Nf5 Bf8 22. Bf4 g6 23. Ne7+ Bxe7 24. Rxe7 Nd5 25. Rxf7 Nxf4+ 26.
Rxf4 b5 27. a3 Rd2 28. Be4 Qg5+ 29. Kf3 Rxf2+ 30. Kxf2 Qxf4+ 31. Bf3 Qd2+ 32.
Kg3 Qxb2 33. Nd5 Qxa3 34. Kf4 Qd6+ 35. Ke4 a5 36. Bg4+ Kb7 {Normal} 0-1

[Event "Rated Blitz game"]
[Site "?"]
[Date "2021.04.09"]
[Round "?"]
[White "oticMJ"]
[Black "pasha1984"]
[Result "0-1"]
[WhiteElo "2283"]
[BlackElo "2425"]
[PlyCount "136"]
[EventDate "2021.??.??"]
[EventType "blitz"]

1. e4 e5 2. Nf3 d5 3. Nxe5 dxe4 4. d4 Bd6 5. Bc4 Bxe5 6. dxe5 Qxd1+ 7. Kxd1 Nc6
8. Re1 Bg4+ 9. Kd2 O-O-O+ 10. Kc3 Bf5 11. Bf4 Nge7 12. Nd2 Ng6 13. g3 Ngxe5 14.
Nxe4 Nxc4 15. Kxc4 Rd4+ 16. Kc3 Rxe4 17. Rxe4 Bxe4 18. Re1 f5 19. Re3 h6 20. f3
Bd5 21. h4 Rg8 22. Be5 g5 23. Bf6 gxh4 24. Bxh4 Kd7 25. b3 Re8 26. Rd3 Ke6 27.
Kb2 Nb4 28. Re3+ Kf7 29. Rc3 c6 30. a3 Na6 31. f4 Nc7 32. Rd3 Be6 33. c4 b5 34.
Kc3 bxc4 35. bxc4 a5 36. Rd2 a4 37. Rb2 Na6 38. Rb6 Nc5 39. Rxc6 Ne4+ 40. Kb4
Rb8+ 41. Kxa4 Nc3+ 42. Ka5 Ra8+ 43. Kb4 Na2+ 44. Kb3 Nc1+ 45. Kc2 Ne2 46. Kb2
Nd4 47. Rc7+ Kg6 48. c5 Ra5 49. c6 Rc5 50. a4 Rxc6 51. Rxc6 Nxc6 52. Kc3 Bd5
53. a5 Nxa5 54. Kd4 Bf7 55. Kc5 Nb3+ 56. Kb4 Nd2 57. Kc3 Nf3 58. Bd8 Kh5 59.
Kd3 Kg4 60. Ke3 Kxg3 61. Bc7 Kg4 62. Kf2 h5 63. Kg2 h4 64. Kh1 h3 65. Bb8 Bd5
66. Be5 Kg3 67. Bd6 h2 68. Bc7 Ne1# {Normal} 0-1

[Event "Rated Blitz tournament BL4jA8rX"]
[Site "?"]
[Date "2021.04.09"]
[Round "?"]
[White "kabasob"]
[Black "dr_xStranger"]
[Result "0-1"]
[WhiteElo "2270"]
[BlackElo "2507"]
[PlyCount "114"]
[EventDate "2021.??.??"]
[EventType "blitz"]

1. e4 e5 2. Nf3 d5 3. d4 dxe4 4. Nxe5 Nf6 5. c4 Bd6 6. f4 exf3 7. Nxf3 O-O 8.
Be2 Re8 9. O-O Nc6 10. Nc3 Bg4 11. Bg5 h6 12. Bh4 g5 13. Bf2 Kg7 14. d5 Nb8 15.
Re1 Nbd7 16. h3 Bh5 17. a3 Bc5 18. Bxc5 Nxc5 19. b4 Nce4 20. Qd4 Nxc3 21. Qxc3
Qe7 22. Bf1 Qd6 23. Nd4 Bg6 24. Bd3 Qg3 25. Red1 Re3 26. Ne2 Rxd3 27. Nxg3 Rxc3
28. Ne2 Rxc4 29. d6 cxd6 30. Rxd6 Re8 31. Ng3 h5 32. Rf1 Re6 33. Rd8 h4 34.
Nf5+ Bxf5 35. Rxf5 Rc1+ 36. Kh2 Rc2 37. Rxg5+ Kh6 38. Rf5 Kg6 39. Rf3 Ree2 40.
Kg1 Rxg2+ 41. Kf1 Rh2 42. Kg1 Rhd2 43. Rxd2 Rxd2 44. Rf4 Kg5 45. Rf3 Kg6 46.
Rf4 Nh5 47. Rxh4 f5 48. Rc4 Kg5 49. a4 f4 50. b5 Kh4 51. Rc3 Nf6 52. a5 Nd5 53.
Rc5 Kg3 54. Kf1 Ne3+ 55. Ke1 Rb2 56. Rg5+ Kf3 57. Rg1 Re2# {Normal} 0-1

[Event "Rated Blitz tournament BL4jA8rX"]
[Site "?"]
[Date "2021.04.09"]
[Round "?"]
[White "kabasob"]
[Black "PVP_MACTEP"]
[Result "1-0"]
[WhiteElo "2302"]
[BlackElo "2403"]
[PlyCount "49"]
[EventDate "2021.??.??"]
[EventType "blitz"]

1. e4 e5 2. Nf3 d5 3. d4 dxe4 4. Nxe5 Bd6 5. Nc4 Nf6 6. Nxd6+ Qxd6 7. Nc3 O-O
8. Be3 Bf5 9. Be2 Nc6 10. g4 Bg6 11. g5 Nd5 12. h4 Nxe3 13. fxe3 Qg3+ 14. Kd2
Rad8 15. Qg1 Qd6 16. h5 Bf5 17. Rf1 g6 18. Kc1 Qb4 19. Bg4 Bxg4 20. Qxg4 b6 21.
hxg6 fxg6 22. Qe6+ Kg7 23. Rxf8 Rxf8 24. Qd7+ Ne7 25. Nd5 {Normal} 1-0

[Event "Rated Blitz tournament BL4jA8rX"]
[Site "?"]
[Date "2021.04.09"]
[Round "?"]
[White "kabasob"]
[Black "om_gendut"]
[Result "0-1"]
[WhiteElo "2276"]
[BlackElo "2446"]
[PlyCount "76"]
[EventDate "2021.??.??"]
[EventType "blitz"]

1. e4 e5 2. Nf3 d5 3. exd5 e4 4. Qe2 Be7 5. d3 exf3 6. Qxf3 Nf6 7. Be2 Bg4 8.
Qe3 Nxd5 9. Qe4 Bxe2 10. Qxe2 Nc6 11. O-O O-O 12. Nc3 Nd4 13. Qd1 Re8 14. Ne4
Nf6 15. Ng3 Bd6 16. c3 Bxg3 17. hxg3 Ne6 18. d4 c5 19. Be3 cxd4 20. cxd4 Nd5
21. Re1 Nxe3 22. fxe3 Qd5 23. Qg4 Rad8 24. b3 f5 25. Qf3 Ng5 26. Qxd5+ Rxd5 27.
Rac1 Rd7 28. Kf2 Ne4+ 29. Kf3 Rde7 30. Rc4 Nd2+ 31. Kf4 Nxc4 32. bxc4 g6 33. d5
Re4+ 34. Kg5 Rxc4 35. Rd1 Kf7 36. d6 Rd8 37. Rh1 Kg7 38. Rd1 Rg4# {Normal} 0-1

[Event "Rated Blitz tournament wYBJFPrM"]
[Site "?"]
[Date "2021.04.09"]
[Round "?"]
[White "Salubre_Jayson"]
[Black "khalid_ontawar"]
[Result "0-1"]
[WhiteElo "2425"]
[BlackElo "2210"]
[PlyCount "88"]
[EventDate "2021.??.??"]
[EventType "blitz"]

1. e4 e5 2. Nf3 d5 3. Nxe5 Qe7 4. d4 f6 5. Qh5+ g6 6. Nxg6 Qxe4+ 7. Be3 Qxg6 8.
Qxd5 Bd6 9. Bd3 Qf7 10. Qb5+ Nd7 11. O-O Ne7 12. Nc3 c6 13. Qa4 O-O 14. Bc4 Nd5
15. Nxd5 cxd5 16. Bb3 Nb6 17. Qb5 Bd7 18. Qd3 Nc4 19. Rab1 f5 20. Bh6 Rfe8 21.
Rfe1 f4 22. g3 fxg3 23. hxg3 Bh3 24. Re2 Rxe2 25. Qxe2 Re8 26. Qd3 Bf5 27. Qf3
Be4 28. Qg4+ Qg6 29. Qxg6+ hxg6 30. Re1 Kh7 31. Bg5 Nxb2 32. Bxd5 Bxd5 33. Rxe8
Nc4 34. Bf6 g5 35. Bxg5 Kg6 36. Bf4 Bxf4 37. gxf4 Nd2 38. Rd8 Bc6 39. d5 Bb5
40. d6 Kf6 41. d7 Ke7 42. Rb8 Bxd7 43. Rxb7 Nf3+ 44. Kg2 Ne1+ {Time forfeit}
0-1

[Event "Rated Blitz tournament BL4jA8rX"]
[Site "?"]
[Date "2021.04.09"]
[Round "?"]
[White "Dontknowhowtochess96"]
[Black "FG-Panes111"]
[Result "0-1"]
[WhiteElo "2388"]
[BlackElo "2429"]
[PlyCount "76"]
[EventDate "2021.??.??"]
[EventType "blitz"]

1. e4 e5 2. Nf3 d5 3. exd5 e4 4. Ne5 Qxd5 5. d4 exd3 6. Nxd3 Nc6 7. Nc3 Qd8 8.
Be3 Bd6 9. Qf3 Nge7 10. O-O-O O-O 11. Ne4 Be6 12. Nxd6 Qxd6 13. Bc5 Qd5 14.
Qxd5 Bxd5 15. Nf4 Rfd8 16. Bb5 Be6 17. Nxe6 fxe6 18. Bc4 Kf7 19. Rhe1 Nd5 20.
f4 g6 21. g4 Nxf4 22. Rf1 Rxd1+ 23. Kxd1 g5 24. h4 h6 25. hxg5 hxg5 26. Be3
Rd8+ 27. Kc1 Ne5 28. Bxf4 gxf4 29. Rxf4+ Ke7 30. Be2 Ng6 31. Re4 e5 32. Re3 Kf6
33. Bd3 Nf4 34. g5+ Ke6 35. Bc4+ Kf5 36. Rg3 Rd4 37. Bf7 Ne2+ 38. Kb1 Rd1# {
Normal} 0-1

[Event "Rated Blitz tournament f3D9vzpP"]
[Site "?"]
[Date "2021.04.09"]
[Round "?"]
[White "Ivan_Gerasimov"]
[Black "Killerrhino"]
[Result "1-0"]
[WhiteElo "2406"]
[BlackElo "2405"]
[PlyCount "133"]
[EventDate "2021.??.??"]
[EventType "blitz"]

1. e4 e5 2. Nf3 d5 3. Nxe5 Bd6 4. d4 dxe4 5. Be2 Bxe5 6. dxe5 Qxd1+ 7. Bxd1 Nc6
8. Bf4 Nge7 9. Nc3 Ng6 10. Bg3 Bf5 11. e6 O-O-O 12. exf7 Rhf8 13. O-O Rxf7 14.
Re1 Re8 15. Nd5 Nge5 16. Ne3 Bg6 17. h3 h5 18. a3 b6 19. Be2 Kb7 20. Rad1 a6
21. Nd5 Na5 22. b3 Nac6 23. Nf4 h4 24. Bh2 Bf5 25. Nd5 g5 26. Ne3 Be6 27. Bh5
Ref8 28. Bxf7 Rxf7 29. Bxe5 Nxe5 30. Rd2 Ng6 31. Rd4 Nf4 32. Rxe4 Bd7 33. Re5
Rg7 34. f3 Bc6 35. Nf5 Rf7 36. Nd4 Bd7 37. Re7 Rxe7 38. Rxe7 Bc8 39. Rg7 b5 40.
Rxg5 Kb6 41. Kf2 c5 42. Ne2 Ne6 43. Rg6 Kc7 44. Rh6 c4 45. Rh7+ Kd6 46. Rxh4
cxb3 47. cxb3 Nc5 48. Nd4 Nd3+ 49. Ke3 Nc1 50. Rh6+ Kc7 51. Rh5 Na2 52. Rh7+
Kd6 53. Rh6+ Kc7 54. a4 bxa4 55. bxa4 Nc3 56. a5 Nd5+ 57. Kf2 Nc3 58. Rh7+ Kd6
59. h4 Kc5 60. Nf5 Bxf5 61. Rc7+ Kb4 62. Rb7+ Kxa5 63. Rf7 Bd3 64. Rd7 Nb5 65.
Rxd3 Kb4 66. Rd1 Ka5 67. Rb1 {Time forfeit} 1-0

[Event "Rated Blitz tournament AkbSHodT"]
[Site "?"]
[Date "2021.04.09"]
[Round "?"]
[White "usernameisalreadyinu"]
[Black "om_gendut"]
[Result "0-1"]
[WhiteElo "2212"]
[BlackElo "2428"]
[PlyCount "40"]
[EventDate "2021.??.??"]
[EventType "blitz"]

1. e4 e5 2. Nf3 d5 3. Nxe5 Bd6 4. d4 dxe4 5. Be2 Bxe5 6. dxe5 Qxd1+ 7. Bxd1 Nc6
8. Nc3 Bf5 9. Bf4 O-O-O 10. O-O Nge7 11. Re1 Ng6 12. Bg5 Rde8 13. f4 exf3 14.
Bxf3 Ngxe5 15. Bd5 f6 16. Bf4 Nb4 17. Bb3 Bxc2 18. Bxe5 fxe5 19. Rac1 Bxb3 20.
axb3 Nd3 {Normal} 0-1

[Event "Rated Blitz tournament BL4jA8rX"]
[Site "?"]
[Date "2021.04.09"]
[Round "?"]
[White "abizar_BKD"]
[Black "Minty0209"]
[Result "1-0"]
[WhiteElo "2426"]
[BlackElo "2226"]
[PlyCount "67"]
[EventDate "2021.??.??"]
[EventType "blitz"]

1. e4 e5 2. Nf3 d5 3. d4 dxe4 4. Nxe5 Nd7 5. Nxd7 Bxd7 6. Be2 Nf6 7. O-O Bd6 8.
c4 b6 9. Nc3 O-O 10. Bg5 h6 11. Bh4 Bxh2+ 12. Kxh2 Ng4+ 13. Kg3 g5 14. Bxg4
gxh4+ 15. Kh2 f5 16. Bh3 Qg5 17. f4 Qg3+ 18. Kh1 Kh8 19. Ne2 Qg7 20. d5 Kh7 21.
Qd4 Qg6 22. Qf2 Qf6 23. Qd4 Qg6 24. Nc3 Rg8 25. Rf2 a6 26. Nxe4 fxe4 27. Bxd7
Raf8 28. Bh3 Qg3 29. Qxe4+ Kh8 30. Qf3 Qg7 31. f5 Rf6 32. Re1 Qg5 33. Qf4 Qg7
34. Qxh4 {Normal} 1-0

[Event "Rated Blitz tournament BL4jA8rX"]
[Site "?"]
[Date "2021.04.09"]
[Round "?"]
[White "bla_nk"]
[Black "Minty0209"]
[Result "1-0"]
[WhiteElo "2406"]
[BlackElo "2230"]
[PlyCount "39"]
[EventDate "2021.??.??"]
[EventType "blitz"]

1. e4 e5 2. Nf3 d5 3. Nxe5 Qe7 4. d4 f6 5. Nf3 dxe4 6. Nfd2 f5 7. Be2 Nf6 8.
O-O Nc6 9. Nb3 Be6 10. c4 O-O-O 11. d5 Bf7 12. Nc3 Ne5 13. Nd4 g6 14. Qa4 Qc5
15. Be3 Be8 16. Ndb5 Qb4 17. Qxa7 Nxc4 18. Qa8+ Kd7 19. Qxb7 Nxe3 20. Qxc7# {
Normal} 1-0

[Event "Rated Blitz tournament BL4jA8rX"]
[Site "?"]
[Date "2021.04.09"]
[Round "?"]
[White "Kind_Wolf138"]
[Black "om_gendut"]
[Result "1/2-1/2"]
[WhiteElo "2364"]
[BlackElo "2422"]
[PlyCount "110"]
[EventDate "2021.??.??"]
[EventType "blitz"]

1. e4 e5 2. Nf3 d5 3. exd5 e4 4. Qe2 Be7 5. Nd4 Qxd5 6. Nb3 Nf6 7. Nc3 Qe6 8.
d4 exd3 9. Qxe6 Bxe6 10. Bxd3 Nc6 11. O-O O-O-O 12. Ne4 Nb4 13. Nxf6 Bxf6 14.
Be4 Rhe8 15. c3 Nd3 16. Bxd3 Rxd3 17. Be3 b6 18. Rfd1 Red8 19. Rxd3 Rxd3 20.
Kf1 Bc4 21. Ke1 c5 22. Rd1 Rxd1+ 23. Kxd1 Bxb3+ 24. axb3 Kd7 25. Kc2 Be5 26. h3
f5 27. Kd3 Kc6 28. f3 Kd5 29. g4 g6 30. Bf2 fxg4 31. fxg4 h5 32. gxh5 gxh5 33.
Bh4 b5 34. c4+ Kc6 35. cxb5+ Kxb5 36. Kc2 a5 37. Be1 a4 38. bxa4+ Kxa4 39. Bc3
Bxc3 40. Kxc3 Kb5 41. b3 h4 42. Kc2 Ka5 43. Kc3 Kb5 44. Kc2 Kb4 45. Kb2 Kb5 46.
Kb1 Ka5 47. Kc2 Kb6 48. Kd3 Kb5 49. Kc3 Kb6 50. Kd2 Kb5 51. Kd3 Kb4 52. Kc2 Kb5
53. Kc3 Kb6 54. Kc4 Kc6 55. Kc3 Kb5 {Normal} 1/2-1/2

[Event "Rated Blitz tournament BL4jA8rX"]
[Site "?"]
[Date "2021.04.09"]
[Round "?"]
[White "kabasob"]
[Black "dr_xStranger"]
[Result "1-0"]
[WhiteElo "2303"]
[BlackElo "2539"]
[PlyCount "53"]
[EventDate "2021.??.??"]
[EventType "blitz"]

1. e4 e5 2. Nf3 d5 3. d4 dxe4 4. Nxe5 Bd6 5. Nc4 Nf6 6. Bg5 h6 7. Bh4 g5 8. Bg3
O-O 9. Nc3 Re8 10. Qd2 e3 11. fxe3 Ng4 12. O-O-O Nc6 13. Nxd6 cxd6 14. Re1 d5
15. h4 Nf6 16. hxg5 hxg5 17. e4 Nxe4 18. Nxe4 dxe4 19. d5 Ne5 20. Rxe4 Ng6 21.
Rxe8+ Qxe8 22. Bd3 Kg7 23. Qxg5 Qe7 24. Qh6+ Kf6 25. Bxg6 fxg6 26. Rf1+ Bf5 27.
Bh4+ {Normal} 1-0

[Event "Rated Blitz tournament jXNSX3in"]
[Site "?"]
[Date "2021.04.09"]
[Round "?"]
[White "ril-1997"]
[Black "Lur15"]
[Result "1-0"]
[WhiteElo "2448"]
[BlackElo "2345"]
[PlyCount "111"]
[EventDate "2021.??.??"]
[EventType "blitz"]

1. e4 e5 2. Nf3 d5 3. d3 dxe4 4. dxe4 Qxd1+ 5. Kxd1 Nc6 6. c3 f5 7. Nbd2 Nf6 8.
Bd3 f4 9. Kc2 Bc5 10. Nc4 Ng4 11. Rf1 Be6 12. h3 Bxc4 13. hxg4 Bxd3+ 14. Kxd3
O-O-O+ 15. Kc2 h5 16. g5 h4 17. Ng1 Rh5 18. Nh3 Be7 19. Bd2 Bxg5 20. f3 Be7 21.
Rad1 g5 22. b4 Rhh8 23. Be1 Rhg8 24. Nf2 a6 25. Rxd8+ Rxd8 26. a3 Bd6 27. Ng4
Ne7 28. Bf2 Ng8 29. a4 Rf8 30. b5 axb5 31. axb5 Nf6 32. Nh6 Kd7 33. Ra1 Rh8 34.
Nf7 Rg8 35. c4 Ke6 36. Nxd6 cxd6 37. Ra7 g4 38. Bxh4 gxf3 39. gxf3 Rg2+ 40. Kb3
Rh2 41. Bxf6 Kxf6 42. Rxb7 Rh3 43. Ra7 Rxf3+ 44. Kb4 Rf1 45. Ra3 f3 46. b6 Rb1+
47. Ka5 Kg5 48. Rxf3 Kg4 49. Rd3 Kf4 50. Rxd6 Kxe4 51. c5 Kf5 52. c6 Ra1+ 53.
Kb5 Rb1+ 54. Ka6 Ra1+ 55. Kb7 e4 56. c7 {Normal} 1-0

[Event "Rated Blitz tournament BL4jA8rX"]
[Site "?"]
[Date "2021.04.09"]
[Round "?"]
[White "Kind_Wolf138"]
[Black "om_gendut"]
[Result "1-0"]
[WhiteElo "2361"]
[BlackElo "2431"]
[PlyCount "121"]
[EventDate "2021.??.??"]
[EventType "blitz"]

1. e4 e5 2. Nf3 d5 3. exd5 e4 4. Qe2 Be7 5. Qxe4 Nf6 6. Qa4+ Nbd7 7. Nc3 O-O 8.
Bd3 Nc5 9. Qc4 b6 10. O-O Ba6 11. Qd4 Nxd3 12. cxd3 Bc5 13. Qh4 Bxd3 14. Re1
Nxd5 15. Qxd8 Raxd8 16. Ne5 Nxc3 17. dxc3 Bb5 18. a4 Bd7 19. Nxd7 Rxd7 20. Bf4
a5 21. Rad1 Rfd8 22. Rxd7 Rxd7 23. Re8+ Bf8 24. g4 f6 25. Rc8 Rd1+ 26. Kg2 Kf7
27. Rxc7+ Kg6 28. Be3 Rb1 29. Bxb6 Rxb2 30. Bxa5 Bd6 31. Rc6 Be5 32. Bb4 Ra2
33. a5 h5 34. h3 hxg4 35. hxg4 Bf4 36. Kf3 Be5 37. a6 Kf7 38. Bc5 Ke8 39. a7
Kd7 40. Rb6 Rxa7 41. Rd6+ Bxd6 42. Bxa7 Be5 43. Bd4 Bc7 44. Ke4 Ke6 45. f4 g6
46. f5+ gxf5+ 47. gxf5+ Kf7 48. Kd5 Bd8 49. Kc6 Be7 50. Kd7 Ba3 51. c4 Kg7 52.
c5 Bxc5 53. Bxc5 Kh6 54. Ke6 Kg5 55. Be7 Kh6 56. Bxf6 Kh7 57. Be5 Kg8 58. f6
Kf8 59. Bd6+ Ke8 60. f7+ Kd8 61. f8=Q# {Normal} 1-0

[Event "Rated Blitz tournament BL4jA8rX"]
[Site "?"]
[Date "2021.04.09"]
[Round "?"]
[White "yarib97"]
[Black "om_gendut"]
[Result "1-0"]
[WhiteElo "2370"]
[BlackElo "2421"]
[PlyCount "27"]
[EventDate "2021.??.??"]
[EventType "blitz"]

1. e4 e5 2. Nf3 d5 3. exd5 e4 4. Ng1 Be7 5. Nc3 Nf6 6. d3 exd3 7. Bxd3 O-O 8.
Nf3 c6 9. dxc6 Nxc6 10. O-O Bd6 11. h3 a6 12. Bg5 h6 13. Bxf6 Qxf6 14. Ne4 {
Normal} 1-0

[Event "Rated Blitz game"]
[Site "?"]
[Date "2021.04.09"]
[Round "?"]
[White "Mchamsarchamani"]
[Black "pasha1984"]
[Result "0-1"]
[WhiteElo "2362"]
[BlackElo "2435"]
[PlyCount "50"]
[EventDate "2021.??.??"]
[EventType "blitz"]

1. e4 e5 2. Nf3 d5 3. exd5 e4 4. Ne5 Qxd5 5. d4 exd3 6. Nxd3 Bf5 7. Nc3 Qe6+ 8.
Be2 Nc6 9. O-O O-O-O 10. Bg5 Nf6 11. Qc1 Nd4 12. Bd1 Qc4 13. Ne5 Qe6 14. Nd3
Bd6 15. Re1 Qc4 16. Ne5 Bxe5 17. Rxe5 Rhe8 18. Qf4 h6 19. Bxf6 gxf6 20. Rxe8
Rxe8 21. Bg4 Bxg4 22. Qxg4+ Kb8 23. h3 f5 24. Qh5 Nxc2 25. Qxh6 Nxa1 {Normal}
0-1

[Event "Rated Blitz game"]
[Site "?"]
[Date "2021.04.09"]
[Round "?"]
[White "bingshan"]
[Black "pasha1984"]
[Result "0-1"]
[WhiteElo "2365"]
[BlackElo "2428"]
[PlyCount "24"]
[EventDate "2021.??.??"]
[EventType "blitz"]

1. e4 e5 2. Nf3 d5 3. d4 dxe4 4. Nxe5 Bd6 5. Bf4 Nf6 6. Bc4 O-O 7. O-O Nbd7 8.
Bg3 Qe7 9. f4 exf3 10. Qxf3 Nxe5 11. dxe5 Bxe5 12. Nc3 Bxg3 {Normal} 0-1

[Event "Rated Blitz tournament BL4jA8rX"]
[Site "?"]
[Date "2021.04.09"]
[Round "?"]
[White "Ceren_Tirpan"]
[Black "Fantastic_power06"]
[Result "0-1"]
[WhiteElo "2263"]
[BlackElo "2572"]
[PlyCount "110"]
[EventDate "2021.??.??"]
[EventType "blitz"]

1. e4 e5 2. Nf3 d5 3. d3 dxe4 4. dxe4 Qxd1+ 5. Kxd1 Nc6 6. Nc3 Bg4 7. Be2
O-O-O+ 8. Ke1 f5 9. h3 Bh5 10. Bg5 Be7 11. Bxe7 Ngxe7 12. exf5 Bxf3 13. Bxf3
Nd4 14. Be4 Nexf5 15. Rd1 Nd6 16. Rd2 Rhf8 17. f3 Nc4 18. Rf2 Nxb2 19. Ne2
Nxf3+ 20. Rxf3 Rd1+ 21. Kf2 Rxf3+ 22. gxf3 Rxh1 23. f4 Rh2+ 24. Ke1 exf4 25.
Nxf4 Nc4 26. Bxh7 Nd6 27. Bd3 g5 28. Ne6 Rxh3 29. Nxg5 Re3+ 30. Kd2 Re5 31. Nf3
Re7 32. Nd4 c5 33. Nf5 Nxf5 34. Bxf5+ Kc7 35. Kc3 b6 36. Bd3 Kd6 37. a4 Rg7 38.
Kb3 Rg1 39. Kc4 Rb1 40. Kc3 Rb4 41. Bb5 Kd5 42. Kd3 Rxb5 43. axb5 c4+ 44. Kd2
Kc5 45. Kc3 Kxb5 46. Kb2 Kb4 47. c3+ Ka4 48. Ka2 b5 49. Kb2 a5 50. Ka2 b4 51.
cxb4 axb4 52. Kb2 b3 53. Kb1 Ka3 54. Kc1 Ka2 55. Kd2 b2 {Normal} 0-1

[Event "Rated Blitz game"]
[Site "?"]
[Date "2021.04.09"]
[Round "?"]
[White "Shamsutdin"]
[Black "roger100"]
[Result "1-0"]
[WhiteElo "2441"]
[BlackElo "2371"]
[PlyCount "97"]
[EventDate "2021.??.??"]
[EventType "blitz"]

1. e4 e5 2. Nf3 d5 3. Nc3 d4 4. Nb1 Nc6 5. Bb5 Bd6 6. d3 Nf6 7. Bg5 h6 8. Bxf6
Qxf6 9. h3 Be6 10. Nbd2 g5 11. Nc4 Bxc4 12. Bxc4 O-O-O 13. Nd2 h5 14. Qf3 Qf4
15. Qxf4 exf4 16. Bxf7 Ne5 17. Be6+ Kb8 18. f3 Bb4 19. a3 Ba5 20. b4 Bb6 21.
Nc4 Nxc4 22. Bxc4 h4 23. Kd2 Rh7 24. e5 Re7 25. e6 Rd6 26. Rhe1 c5 27. Re5 cxb4
28. axb4 Bc7 29. Rxg5 a5 30. bxa5 Rdxe6 31. Bxe6 Rxe6 32. Rb1 Bd6 33. Rgb5 Re7
34. Re1 Rc7 35. Re4 Ka7 36. Rxd4 Bf8 37. c4 Ka6 38. Re4 Rg7 39. Re6+ Ka7 40. d4
Rxg2+ 41. Kd3 Rg3 42. Ke4 Rxh3 43. Kxf4 Rg3 44. Rf6 Ba3 45. Rf7 Bc1+ 46. Ke4 h3
47. Rfxb7+ Ka6 48. R5b6+ Kxa5 49. Rb1 {Normal} 1-0

[Event "Rated Blitz tournament BL4jA8rX"]
[Site "?"]
[Date "2021.04.09"]
[Round "?"]
[White "kabasob"]
[Black "YSA_kbpl"]
[Result "0-1"]
[WhiteElo "2325"]
[BlackElo "2418"]
[PlyCount "42"]
[EventDate "2021.??.??"]
[EventType "blitz"]

1. e4 e5 2. Nf3 d5 3. d3 dxe4 4. Nxe5 exd3 5. Bxd3 Qe7 6. O-O Be6 7. Nc3 Nd7 8.
Nxd7 Qxd7 9. Qf3 O-O-O 10. Be3 Kb8 11. Nb5 a6 12. Nxc7 Qxc7 13. Rad1 Nf6 14. a4
Bg4 15. Qf4 Bd6 16. Qg5 Bxh2+ 17. Kh1 Bxd1 18. Rxd1 h5 19. a5 Ng4 20. Bb6 Qf4
21. Bxd8 Nxf2# {Normal} 0-1

[Event "Rated Blitz tournament BL4jA8rX"]
[Site "?"]
[Date "2021.04.09"]
[Round "?"]
[White "Lex6699"]
[Black "fuglfonix"]
[Result "1/2-1/2"]
[WhiteElo "2437"]
[BlackElo "2334"]
[PlyCount "80"]
[EventDate "2021.??.??"]
[EventType "blitz"]

1. e4 e5 2. Nf3 d5 3. exd5 e4 4. Qe2 Nf6 5. Nc3 Be7 6. Nxe4 O-O 7. Nxf6+ Bxf6
8. d4 Re8 9. Be3 Qxd5 10. Qb5 Qxb5 11. Bxb5 c6 12. Bc4 Bg4 13. O-O-O Bxf3 14.
gxf3 Nd7 15. d5 cxd5 16. Bxd5 Nb6 17. Bxb7 Rab8 18. Be4 Na4 19. b3 Nc3 20. Rd7
Nxa2+ 21. Kd2 Red8 22. Rxd8+ Rxd8+ 23. Bd3 a5 24. h4 Bc3+ 25. Ke2 Nb4 26. h5 h6
27. Rh4 Nd5 28. Bd2 Bf6 29. Ra4 Re8+ 30. Kd1 Nc3+ 31. Bxc3 Bxc3 32. Be4 Rd8+
33. Ke2 Bb4 34. Bd3 Re8+ 35. Kf1 Re1+ 36. Kg2 Kf8 37. Ra2 Bc3 38. Ra4 Bb4 39.
Ra2 Bc3 40. Ra4 Bb4 {Normal} 1/2-1/2